000 00487nam a2200169Ia 4500
005 20250326124709.0
008 250326s9999 xx 000 0 und d
037 _aTextbook
040 _aFMSL
_beng
_cFMSL
041 _aeng
_2eng
084 _aX#.44 L8
_qFMSL
245 0 _aMass media in India 1978
260 _aDelhi
_bDelhi, Minikstry Of Information And Broadcasting Government Of India
_c1978
300 _a285p
942 _cTB
_hX#.44 L8
999 _c1274799
_d1274799